Vista normal Vista MARC

Entrada Topical Term

Número de registros utilizados en: 1

001 - CONTROL NUMBER

  • control field: 42045

003 - CONTROL NUMBER IDENTIFIER

  • control field: OSt

005 - DATE AND TIME OF LATEST TRANSACTION

  • control field: 20220505113107.0

008 - FIXED-LENGTH DATA ELEMENTS

  • fixed length control field: 220505|| aca||aabn | a|a d

040 ## - CATALOGING SOURCE

  • Original cataloging agency: OSt
  • Transcribing agency: OSt

150 ## - HEADING--TOPICAL TERM

  • Topical term or geographic name entry element: Lealtad
  • General subdivision: en la literatura

670 ## - SOURCE DATA FOUND

  • Source citation: Work cat.: (OSt)29209: Roth, Veronica autora 42043, Leal / , 2014.